000 00303nam a22001337a 4500
008 180119b xxu||||| |||| 00| 0 eng d
020 _a2900205574857
041 _aeng
080 _a37
100 _a46
101 _aED
245 _aBRIDGING THE GAP COLLEGE READING
_cSMITH.B.D
942 _2udc
_cBK
999 _c40577
_d40577